| 000 | 00483nam a22001817a 4500 | ||
|---|---|---|---|
| 003 | CEME | ||
| 005 | 20210628204117.0 | ||
| 008 | 210308b xxu||||| |||| 00| 0 eng d | ||
| 020 | _a0-13-353715-3 | ||
| 040 | _c. | ||
| 082 | _a620.1054 HIB'E | ||
| 100 |
_aHibbeler, R.C _91019 |
||
| 245 | _aEngineering mechanics , dynamics alongwith tutorial disk | ||
| 260 |
_aNEWJERSY _bPRENTICE HALL _c1995 |
||
| 300 | _aXV,624P | ||
| 650 |
_aENGINEERING MECHANICS _959741 |
||
| 942 |
_cBK _2ddc |
||
| 999 |
_c576253 _d576253 |
||